| 000 | 00562nam a2200181 4500 | ||
|---|---|---|---|
| 001 | 111674 | ||
| 003 | ES-MaACL | ||
| 005 | 20240516144024.0 | ||
| 007 | t| | ||
| 008 | 061121s1942 sp r ||||1| spa d | ||
| 245 | 0 | 0 |
_aNarradores hispanoamericanos / _cestudio crítico-bibliográfico y selección de José Sanz Y Díaz. |
| 260 |
_aBarcelona : _bHymsa, _c1942. |
||
| 300 |
_a493 p. ; _c22 cm. |
||
| 650 | 4 |
_aNovelas hispanoamericanas. _9171618 |
|
| 700 | 0 |
_aSanz y Díaz, José, _d1907-1988 _9103694 |
|
| 852 |
_aES-MaACL _jF-15664 |
||
| 999 |
_c111674 _d111674 |
||